[Event "Montreal op"]
[Site "Montreal CAN"]
[Date "2025.09.03"]
[Round "1.6"]
[White "Deboosere, Adam Moussa"]
[Black "Tanaka, Tyler"]
[Result "0-1"]
[WhiteElo "1925"]
[BlackElo "2244"]
[WhiteFideId "-1"]
[WhiteFideId "-1"]
[PlyCount "110"]
[GameId "2219080448223377"]
[EventDate "2025.09.03"]
[EventType "swiss"]
[EventRounds "7"]
[EventCountry "CAN"]

1. Nf3 d5 2. b3 Bf5 3. Bb2 e6 4. g3 h6 5. Bg2 Nf6 6. d3 Nbd7 7. Nbd2 Bh7 8. O-O c6 9. Re1 Bc5 10. e4 dxe4 11. Nxe4 Nxe4 12. dxe4 O-O 13. Qe2 a5 14. Red1 Qc7 15. Qc4 Be7 16. a4 Rfd8 17. Bc3 Bf6 18. Bxf6 Nxf6 19. Ne1 Qb6 20. Nd3 Bg6 21. Nf4 Ng4 22. Qe2 Ne5 23. Nd3 Nxd3 24. Rxd3 Rxd3 25. Qxd3 Rd8 26. Qe2 Qb4 27. Rd1 Rd4 28. Rxd4 Qxd4 29. h4 Kf8 30. Kh2 Bh7 31. Qe1 Qc5 32. Qd2 Ke7 33. f3 Bg6 34. c3 e5 35. Bf1 f6 36. Bc4 Be8 37. Kg2 Bd7 38. Bg8 Qd6 39. Qxd6+ Kxd6 40. Kf2 Kc5 41. Ke3 b5 42. Bf7 Bc8 43. Be8 bxa4 44. bxa4 Be6 45. f4 Bb3 46. g4 Bxa4 47. g5 exf4+ 48. Kxf4 hxg5+ 49. hxg5 fxg5+ 50. Kxg5 Bb3 51. e5 a4 52. Bg6 a3 53. Bb1 a2 54. Bxa2 Bxa2 55. Kf5 Kd5 0-1

[Event "Montreal op"]
[Site "Montreal CAN"]
[Date "2025.09.03"]
[Round "1.7"]
[White "Di Matteo, Alessio"]
[Black "Saine, Zachary"]
[Result "0-1"]
[WhiteElo "1876"]
[BlackElo "2068"]
[WhiteFideId "-1"]
[WhiteFideId "-1"]
[PlyCount "90"]
[GameId "2219080448247955"]
[EventDate "2025.09.03"]
[EventType "swiss"]
[EventRounds "7"]
[EventCountry "CAN"]

1. d4 Nf6 2. c4 e6 3. Nc3 Bb4 4. a3 Bxc3+ 5. bxc3 d6 6. e4 e5 7. f3 c5 8. d5 h6 9. Bd3 Nbd7 10. Ne2 Nf8 11. O-O g5 12. Ng3 Ng6 13. Nf5 Bxf5 14. exf5 Ne7 15. a4 Qd7 16. g4 O-O-O 17. Be3 Rdg8 18. Qd2 h5 19. h3 hxg4 20. hxg4 e4 21. Bxe4 Rh4 22. Bd3 Nxg4 23. fxg4 Rxg4+ 24. Kf2 Nxf5 25. Bxf5 Qxf5+ 26. Ke1 Qe5 27. Kd1 f5 28. Kc1 Rxc4 29. Kb2 f4 30. Bg1 Re4 31. Rae1 Re8 32. Rxe4 Qxe4 33. Ka3 Re5 34. Rd1 Qf3 35. Re1 Rxd5 36. Re8+ Kc7 37. Qe1 Rd1 38. Qe7+ Kb6 39. Bxc5+ dxc5 40. Qf6+ Ka5 41. Rd8 Rd3 42. Kb2 Qe2+ 43. Kb3 Qd1+ 44. Kc4 Rxd8 45. Qf5 Qxa4+ 0-1

[Event "Montreal op"]
[Site "Montreal CAN"]
[Date "2025.09.03"]
[Round "1.8"]
[White "Li, Yilin"]
[Black "Zhu, Hong Rui"]
[Result "0-1"]
[WhiteElo "1922"]
[BlackElo "2212"]
[WhiteFideId "-1"]
[WhiteFideId "-1"]
[PlyCount "80"]
[GameId "2228657651878499"]
[EventDate "2025.09.03"]
[EventType "swiss"]
[EventRounds "7"]
[EventCountry "CAN"]

1. c4 c5 2. g3 g6 3. Bg2 Bg7 4. Nc3 e6 5. e3 Nc6 6. Nge2 Nge7 7. d4 cxd4 8. Nxd4 Nxd4 9. exd4 d5 10. cxd5 Nxd5 11. Nxd5 exd5 12. O-O O-O 13. Be3 Be6 14. Qd2 Qb6 15. Rfc1 Rfc8 16. Rc5 Bf8 17. Rxc8 Rxc8 18. Rc1 Rc6 19. Rxc6 bxc6 20. Qc3 Qb5 21. Bf1 Qa4 22. a3 Bg4 23. Bc1 Bg7 24. Be3 h5 25. h3 Bf3 26. Kh2 h4 27. b3 Qxa3 28. Qxc6 Qxb3 29. Qe8+ Bf8 30. gxh4 Qb4 31. Kg3 Bd1 32. Bh6 a5 33. Bd3 Qe7 34. Qa8 a4 35. Bxf8 Qxf8 36. Qxd5 Qa3 37. Qe4 Bc2 38. Qe8+ Kg7 39. Qe5+ Kh7 40. Qh5+ Kg8 0-1

[Event "Montreal op"]
[Site "Montreal CAN"]
[Date "2025.09.03"]
[Round "1.9"]
[White "Batorshyn, Ilia"]
[Black "Both, Aaron"]
[Result "1-0"]
[WhiteElo "2189"]
[BlackElo "1917"]
[WhiteFideId "-1"]
[WhiteFideId "-1"]
[PlyCount "231"]
[GameId "2219091500889441"]
[EventDate "2025.09.03"]
[EventType "swiss"]
[EventRounds "7"]
[EventCountry "CAN"]

1. d4 f5 2. Bg5 g6 3. Nc3 Bg7 4. e3 d6 5. h4 h6 6. Bf4 Nf6 7. Bd3 Nc6 8. Nf3 Ng4 9. Bg3 e5 10. dxe5 dxe5 11. Bb5 Qd6 12. Qxd6 cxd6 13. O-O-O O-O 14. Rxd6 f4 15. exf4 exf4 16. Bh2 Nxf2 17. Rf1 Ng4 18. Rxg6 Bf5 19. Rd6 Bxc2 20. Kxc2 Ne3+ 21. Kc1 Nxf1 22. Bxf1 Rac8 23. Bc4+ Kh8 24. Be6 Rce8 25. Bd7 Rd8 26. Rd1 Nd4 27. Nxd4 Rxd7 28. Ne6 Rxd1+ 29. Kxd1 Rf5 30. Nxg7 Kxg7 31. Bg1 f3 32. gxf3 Rxf3 33. Ke2 Rf4 34. Bf2 a6 35. Nd5 Ra4 36. a3 Kf7 37. Kf3 Rc4 38. Ne3 Rc1 39. Nf5 Kg6 40. Ng3 h5 41. Ne2 Rb1 42. Bd4 Rh1 43. Kg3 Rb1 44. Nf4+ Kh6 45. Nd3 Rd1 46. Be3+ Kh7 47. Nc5 Rb1 48. Bd4 Rd1 49. Bc3 Rg1+ 50. Kh2 Rg4 51. Kh3 Rg1 52. Kh2 Rg4 53. Kh3 Rg1 54. Nxb7 Rh1+ 55. Kg3 Rg1+ 56. Kh2 Rg4 57. Kh3 Kg6 58. Nc5 Kf5 59. Nxa6 Kf4 60. Nc5 Kf3 61. Nd3 Rg1 62. Ne1+ Ke2 63. Nc2 Kf3 64. Ne1+ Ke4 65. a4 Rh1+ 66. Kg3 Rg1+ 67. Kf2 Rh1 68. Ng2 Ra1 69. a5 Kf5 70. Kg3 Ke4 71. Nf4 Rg1+ 72. Kf2 Rg4 73. Nxh5 Rxh4 74. Nf6+ Kf5 75. Nd5 Ke4 76. Nc7 Rh7 77. Nb5 Rh6 78. Nc7 Rc6 79. Nb5 Kd3 80. Kf3 Re6 81. Kf4 Kc4 82. Kf5 Rh6 83. Na3+ Kb3 84. Ke4 Rh4+ 85. Kd5 Rh5+ 86. Kc6 Rxa5 87. Bxa5 Kxb2 88. Bb4 Kc1 89. Kd5 Kd1 90. Ke4 Ke2 91. Bc5 Kf1 92. Kf3 Ke1 93. Be3 Kf1 94. Nb1 Ke1 95. Nc3 Kf1 96. Ne4 Ke1 97. Nf2 Kf1 98. Bd2 Kg1 99. Bf4 Kf1 100. Bh2 Ke1 101. Ne4 Kd1 102. Ke3 Kc2 103. Nd2 Kd1 104. Kd3 Kc1 105. Nc4 Kd1 106. Bg3 Kc1 107. Bh4 Kd1 108. Nb2+ Kc1 109. Kc3 Kb1 110. Kb3 Kc1 111. Bg5+ Kb1 112. Nd1 Ka1 113. Bc1 Kb1 114. Ba3 Ka1 115. Bb2+ Kb1 116. Nc3# 1-0

[Event "Montreal op"]
[Site "Montreal CAN"]
[Date "2025.09.03"]
[Round "1.10"]
[White "Robichaud, Louis"]
[Black "Guillemette, Hugo"]
[Result "0-1"]
[WhiteElo "1914"]
[BlackElo "2180"]
[WhiteFideId "-1"]
[WhiteFideId "-1"]
[PlyCount "152"]
[GameId "2219098338022778"]
[EventDate "2025.09.03"]
[EventType "swiss"]
[EventRounds "7"]
[EventCountry "CAN"]

1. e4 c5 2. Nc3 e6 3. Nf3 Nc6 4. Bb5 Nge7 5. O-O a6 6. Bxc6 Nxc6 7. d3 Qc7 8. Be3 Be7 9. Qd2 O-O 10. Ne1 Rd8 11. Bf4 d6 12. Bg3 Bf6 13. f4 d5 14. e5 Be7 15. Nf3 b6 16. Rae1 Qd7 17. Ng5 Nd4 18. Nd1 Bxg5 19. fxg5 Nf5 20. Nf2 Bb7 21. Ng4 d4 22. Rf2 Rac8 23. Qf4 c4 24. h4 Qe7 25. h5 cxd3 26. cxd3 Ne3 27. Nxe3 dxe3 28. Rxe3 g6 29. h6 Rc5 30. d4 Rc1+ 31. Kh2 Rd1 32. Rc3 R1xd4 33. Qf6 Qxf6 34. exf6 b5 35. Rc7 Be4 36. Re2 Bf5 37. Ra7 b4 38. Bc7 Rc8 39. Be5 Rd5 40. Re3 Bd3 41. b3 Kf8 42. Re1 Bb5 43. Kg3 Rd7 44. Rxd7 Bxd7 45. Bd6+ Ke8 46. Bxb4 Rc2 47. a4 Bc6 48. Be7 Rc3+ 49. Kf4 Rxb3 50. Rc1 Kd7 51. a5 Bxg2 52. Rd1+ Bd5 53. Bc5 Rb5 54. Bb6 Kd6 55. Rc1 e5+ 56. Ke3 Rb3+ 57. Kf2 Ke6 58. Rc8 Kf5 59. Rh8 Rb2+ 60. Ke3 Kxg5 61. Rxh7 Rh2 62. Bd8 Rh3+ 63. Kf2 e4 64. Bb6 Kxf6 65. Bd4+ Kg5 66. Rh8 f5 67. Rf8 f4 68. Be5 e3+ 69. Ke1 Rh1+ 70. Ke2 Bc4+ 71. Kf3 Rf1+ 72. Ke4 e2 73. Bf6+ Kg4 74. Bc3 e1=Q+ 75. Bxe1 Rxe1+ 76. Kd4 Rh1 0-1

[Event "Montreal op"]
[Site "Montreal CAN"]
[Date "2025.09.03"]
[Round "1.11"]
[White "Gutierrez, Renzo"]
[Black "Buzhor, Danil"]
[Result "1-0"]
[WhiteElo "2172"]
[BlackElo "1913"]
[WhiteFideId "-1"]
[WhiteFideId "-1"]
[PlyCount "60"]
[GameId "2219104867240705"]
[EventDate "2025.09.03"]
[EventType "swiss"]
[EventRounds "7"]
[EventCountry "CAN"]

1. d4 c5 2. d5 e6 3. c4 exd5 4. cxd5 d6 5. Nc3 g6 6. e4 Bg7 7. f3 Ne7 8. Bg5 a6 9. a4 O-O 10. Qd2 Re8 11. Nge2 Nd7 12. Nc1 Ne5 13. Be2 Qc7 14. f4 Ng4 15. h3 Nf6 16. Nd3 Nxe4 17. Nxe4 Nxd5 18. Ne5 dxe5 19. Qxd5 Be6 20. Qd2 exf4 21. O-O Qe5 22. Qxf4 Qxf4 23. Rxf4 Bd5 24. Bf3 Bxe4 25. Rxe4 Bxb2 26. Rb1 Bd4+ 27. Kf1 Rec8 28. Rxb7 Rab8 29. Ree7 Rxb7 30. Rxb7 f6 1-0

[Event "Montreal op"]
[Site "Montreal CAN"]
[Date "2025.09.03"]
[Round "1.12"]
[White "Morteza, Arian"]
[Black "Kraiouchkine, Nikita"]
[Result "0-1"]
[WhiteElo "1910"]
[BlackElo "2165"]
[WhiteFideId "-1"]
[WhiteFideId "-1"]
[PlyCount "52"]
[GameId "2219107946404620"]
[EventDate "2025.09.03"]
[EventType "swiss"]
[EventRounds "7"]
[EventCountry "CAN"]

1. d4 d5 2. c4 e6 3. Nc3 Nf6 4. Bg5 Bb4 5. e3 c5 6. Nf3 Nbd7 7. Bd3 dxc4 8. Bxc4 Qa5 9. Bxf6 Nxf6 10. O-O Bxc3 11. bxc3 b5 12. Be2 Nd5 13. c4 Nc3 14. Qc2 Nxe2+ 15. Qxe2 Ba6 16. Ne5 cxd4 17. c5 b4 18. Qf3 O-O 19. Nc6 Qc7 20. exd4 Bxf1 21. Rxf1 Qb7 22. Na5 Qxf3 23. gxf3 Rfd8 24. Rd1 Rac8 25. Nb7 Rd5 26. Rc1 Rxd4 0-1

[Event "Montreal op"]
[Site "Montreal CAN"]
[Date "2025.09.03"]
[Round "1.13"]
[White "Adam, Rafael"]
[Black "Beaupre, Eugene jr"]
[Result "1-0"]
[WhiteElo "2160"]
[BlackElo "1895"]
[WhiteFideId "-1"]
[WhiteFideId "-1"]
[PlyCount "69"]
[GameId "2219109766322964"]
[EventDate "2025.09.03"]
[EventType "swiss"]
[EventRounds "7"]
[EventCountry "CAN"]

1. Nf3 d5 2. g3 c5 3. Bg2 Nc6 4. O-O e5 5. d3 Be7 6. Nbd2 Be6 7. e4 d4 8. Nc4 f6 9. a4 g5 10. Nfd2 h5 11. f4 gxf4 12. gxf4 exf4 13. Na3 Qd7 14. Ndc4 Bg4 15. Qe1 f3 16. Bxf3 Nh6 17. Bf4 Nf7 18. Kh1 Nfe5 19. Bxe5 fxe5 20. Qg3 Rg8 21. Nb5 h4 22. Qf2 Be6 23. Bh5+ Kd8 24. Bf7 Bxc4 25. Bxc4 Rh8 26. Qf7 a6 27. Qg7 Re8 28. Na3 Kc7 29. Bd5 Bd6 30. Rf7 Ne7 31. Nc4 Rg8 32. Qf6 Rg6 33. Rxe7 Rxf6 34. Rxd7+ Kxd7 35. Nb6+ 1-0

[Event "Montreal op"]
[Site "Montreal CAN"]
[Date "2025.09.03"]
[Round "1.14"]
[White "Kiryakov, Marin"]
[Black "Gavrilin, Roman"]
[Result "0-1"]
[WhiteElo "1895"]
[BlackElo "2148"]
[WhiteFideId "-1"]
[WhiteFideId "-1"]
[PlyCount "72"]
[GameId "2219123961437023"]
[EventDate "2025.09.03"]
[EventType "swiss"]
[EventRounds "7"]
[EventCountry "CAN"]

1. e4 c5 2. Nf3 d6 3. d4 cxd4 4. Nxd4 Nf6 5. Nc3 a6 6. Be2 e5 7. Nb3 Be7 8. Be3 Be6 9. Nd5 Nbd7 10. Qd3 O-O 11. O-O Bxd5 12. exd5 Ne8 13. a4 Bg5 14. a5 Rc8 15. c4 Bxe3 16. Qxe3 f5 17. Nd2 Nef6 18. f3 Nh5 19. b4 Rf6 20. Rfc1 Rg6 21. Bf1 Qe7 22. Nb3 Qh4 23. Qe1 Qf4 24. Kh1 Rh6 25. Rc3 Ng3+ 26. Kg1 Nxf1 27. Qxf1 Qxh2+ 28. Kf2 e4 29. Qg1 Qh4+ 30. g3 Qf6 31. Rac1 Ne5 32. fxe4 fxe4+ 33. Ke2 Nd3 34. Rxd3 exd3+ 35. Kxd3 Qf5+ 36. Kc3 Qxd5 0-1

[Event "Montreal op"]
[Site "Montreal CAN"]
[Date "2025.09.03"]
[Round "1.15"]
[White "Lai, Duc Minh"]
[Black "Chapdelaine, Gwyn"]
[Result "1-0"]
[WhiteElo "2121"]
[BlackElo "1884"]
[WhiteFideId "-1"]
[WhiteFideId "-1"]
[PlyCount "91"]
[GameId "2219129929137002"]
[EventDate "2025.09.03"]
[EventType "swiss"]
[EventRounds "7"]
[EventCountry "CAN"]

1. d4 d5 2. Nf3 Nf6 3. Bf4 e6 4. e3 Be7 5. Nbd2 b6 6. c3 Nbd7 7. Bd3 Bb7 8. Ne5 Nxe5 9. dxe5 Nd7 10. O-O h5 11. h3 c6 12. Bh2 Qc7 13. f4 O-O-O 14. Nf3 Rdg8 15. e4 g5 16. fxg5 Bxg5 17. Nxg5 Rxg5 18. Rxf7 Rhg8 19. Bf1 c5 20. Bf4 R5g6 21. Qxh5 dxe4 22. Rd1 Bc6 23. g4 c4 24. Bg2 Bd5 25. Rd4 Qc6 26. Qh7 e3 27. Bxd5 exd5 28. Kf1 Nf8 29. Qh4 Re6 30. Rxa7 Ng6 31. Qh7 Rf8 32. Qg7 e2+ 33. Ke1 Rfe8 34. Bg3 Nxe5 35. Kxe2 Nxg4+ 36. Kd1 Ne5 37. Qh7 Rf8 38. Bf4 Rfe8 39. a4 Kb8 40. Kc2 Rd6 41. Kb1 Rde6 42. Rxd5 Rf8 43. Bxe5+ Rxe5 44. Rxe5 Rf1+ 45. Ka2 Rf7 46. Rxf7 1-0

[Event "Montreal op"]
[Site "Montreal CAN"]
[Date "2025.09.03"]
[Round "1.16"]
[White "Nagelberg, Alan"]
[Black "Arruebarrena, Rafael"]
[Result "0-1"]
[WhiteElo "1881"]
[BlackElo "2107"]
[WhiteFideId "-1"]
[WhiteFideId "-1"]
[PlyCount "120"]
[GameId "2219142260288370"]
[EventDate "2025.09.03"]
[EventType "swiss"]
[EventRounds "7"]
[EventCountry "CAN"]

1. c4 e5 2. Nc3 Bb4 3. e4 Nf6 4. Nge2 c6 5. g3 O-O 6. Bg2 d6 7. O-O Be6 8. d3 d5 9. Qb3 Bxc3 10. exd5 cxd5 11. Nxc3 Nc6 12. Qxb7 Na5 13. Qa6 Bc8 14. Qb5 Bd7 15. Qc5 Rc8 16. Qxa7 Ra8 17. Qc5 Nb3 18. axb3 Rxa1 19. Nxd5 Nxd5 20. Qxd5 Be6 21. Qxe5 Qxd3 22. Qe3 Qxe3 23. Bxe3 Rxf1+ 24. Kxf1 Rb8 25. Bd4 Rxb3 26. c5 Rd3 27. Be3 Rb3 28. Bd4 Rd3 29. Bc3 Bd5 30. c6 Bxg2+ 31. Kxg2 Rd8 32. c7 Rc8 33. Ba5 Kf8 34. Kf3 Ke7 35. Ke4 Kd6 36. Kd4 Kc6 37. b4 Ra8 38. h4 h5 39. Ke5 Re8+ 40. Kd4 Kb7 41. f3 Re2 42. Kd5 Re3 43. g4 Rxf3 44. g5 Rf4 45. Kd6 Rxh4 46. Ke7 Rf4 47. Kd7 Rd4+ 48. Ke7 h4 49. Bb6 Rd1 50. Bf2 h3 51. Bg3 Rd3 52. Bh2 Rd2 53. Bf4 h2 54. Bxh2 Rxh2 55. Kxf7 Kxc7 56. Kxg7 Kd7 57. g6 Ke7 58. b5 Rb2 59. Kh7 Kf6 60. g7 Rh2+ 0-1

[Event "Montreal op"]
[Site "Montreal CAN"]
[Date "2025.09.03"]
[Round "1.17"]
[White "Saha, Ananda"]
[Black "Ramesan, Raunak Amit"]
[Result "1-0"]
[WhiteElo "2105"]
[BlackElo "1877"]
[WhiteFideId "-1"]
[WhiteFideId "-1"]
[PlyCount "119"]
[GameId "2219161941699453"]
[EventDate "2025.09.03"]
[EventType "swiss"]
[EventRounds "7"]
[EventCountry "CAN"]

1. d4 Nf6 2. Bg5 d5 3. Nd2 c5 4. e3 cxd4 5. exd4 Bg4 6. Ngf3 e6 7. h3 Bh5 8. Bb5+ Nc6 9. c3 Qb6 10. Qb3 Bd6 11. Ne5 Bxe5 12. dxe5 Nd7 13. Be3 Qc7 14. f4 a6 15. Bd3 O-O-O 16. O-O h6 17. g4 Bg6 18. Be2 h5 19. g5 Bf5 20. h4 f6 21. exf6 gxf6 22. Nf3 fxg5 23. hxg5 Be4 24. Rad1 Rdg8 25. Kf2 e5 26. f5 Bxf5 27. Qxd5 Rf8 28. Ke1 Bh3 29. Rg1 e4 30. Nd4 Nb6 31. Qc5 Nd7 32. Qa3 Nce5 33. g6 Rhg8 34. Rh1 Bg2 35. Ne6 Nf3+ 36. Kf2 Nh4+ 37. Nxf8 Rxf8+ 38. Qxf8+ Nxf8 39. Rxh4 Bf3 40. Bxf3 exf3 41. Rg1 Ne6 42. b3 Qa5 43. a4 Qe5 44. Rg3 Ng7 45. Rxf3 Ne6 46. Rf7 b5 47. axb5 axb5 48. Rh1 Qe4 49. Rg1 Qh4+ 50. Ke2 Qh2+ 51. Kd3 Qd6+ 52. Kc2 Qh2+ 53. Kb1 Qe2 54. g7 Qd3+ 55. Kb2 Qe2+ 56. Ka1 Nxg7 57. Rgxg7 Qd1+ 58. Kb2 Qe2+ 59. Ka3 b4+ 60. Kxb4 1-0

[Event "Montreal op"]
[Site "Montreal CAN"]
[Date "2025.09.03"]
[Round "1.18"]
[White "Iordanescu, Victor Nicolae"]
[Black "Morin-Pare, Victor"]
[Result "0-1"]
[WhiteElo "2057"]
[BlackElo "1873"]
[WhiteFideId "-1"]
[WhiteFideId "-1"]
[PlyCount "78"]
[GameId "2219188513934216"]
[EventDate "2025.09.03"]
[EventType "swiss"]
[EventRounds "7"]
[EventCountry "CAN"]

1. c4 Nf6 2. Nc3 e5 3. Nf3 Nc6 4. a3 a5 5. e3 Be7 6. d4 exd4 7. exd4 d5 8. Bd3 O-O 9. h3 Be6 10. cxd5 Nxd5 11. O-O Bf6 12. Ne4 h6 13. Qa4 Nb6 14. Nxf6+ Qxf6 15. Qd1 Rfd8 16. Be3 Bd5 17. Nh2 Be6 18. Nf3 Bd5 19. Ne1 Re8 20. Rc1 Rad8 21. Bb5 Be4 22. Qd2 Qg6 23. Bxc6 Bxc6 24. Qxa5 Nd5 25. Qd2 Bb5 26. Nf3 Bxf1 27. Rxf1 Nxe3 28. fxe3 Qe4 29. Re1 Rd6 30. Qc3 Rc6 31. Qb4 Rc2 32. Qb5 Re6 33. Kh1 Rb6 34. Qa4 Rbxb2 35. Qa8+ Kh7 36. Qf8 Rxg2 37. Qxf7 Rh2+ 38. Kg1 Rbg2+ 39. Kf1 Qd3+ 0-1

[Event "Montreal op"]
[Site "Montreal CAN"]
[Date "2025.09.03"]
[Round "1.19"]
[White "Morin, Richer"]
[Black "Moses, Neil"]
[Result "0-1"]
[WhiteElo "1859"]
[BlackElo "2056"]
[WhiteFideId "-1"]
[WhiteFideId "-1"]
[PlyCount "76"]
[GameId "2219190332337040"]
[EventDate "2025.09.03"]
[EventType "swiss"]
[EventRounds "7"]
[EventCountry "CAN"]

1. e4 c5 2. Nf3 e6 3. c3 Nf6 4. e5 Nd5 5. Bc4 d6 6. d4 cxd4 7. Bxd5 exd5 8. O-O dxe5 9. Nxe5 Bd6 10. Qa4+ Nd7 11. Nxd7 Qxd7 12. Qxd4 O-O 13. Nd2 Re8 14. Nf3 Re4 15. Qd3 Qf5 16. Ng5 Bxh2+ 17. Kh1 Bc7 18. f4 Re8 19. Qb5 Bd7 20. Qxb7 Bb6 21. Bd2 h6 22. Nf3 Qh7 23. Nh2 Bb5 24. Rfe1 Be2 25. Rec1 Bf2 26. Be1 Be3 27. Bg3 Rab8 28. Qd7 Bxc1 29. Rxc1 Qg6 30. Bf2 Qe4 31. Re1 Rxb2 32. Nf3 Rb1 33. Qxe8+ Qxe8 34. Rxb1 Bxf3 35. gxf3 Qc8 36. Kg2 Qxc3 37. Rb8+ Kh7 38. Bxa7 Qc7 0-1

[Event "Montreal op"]
[Site "Montreal CAN"]
[Date "2025.09.03"]
[Round "1.20"]
[White "Radenovic, Milan"]
[Black "Siegel, Adam"]
[Result "0-1"]
[WhiteElo "1851"]
[BlackElo "2051"]
[WhiteFideId "-1"]
[WhiteFideId "-1"]
[PlyCount "66"]
[GameId "2219192892795908"]
[EventDate "2025.09.03"]
[EventType "swiss"]
[EventRounds "7"]
[EventCountry "CAN"]

1. e4 c5 2. Nf3 d6 3. d4 cxd4 4. Nxd4 Nf6 5. Nc3 Nc6 6. Bg5 e6 7. Qd2 a6 8. O-O-O Be7 9. f4 Bd7 10. Nf3 b5 11. Bxf6 gxf6 12. f5 Qb6 13. g3 h5 14. fxe6 fxe6 15. Bh3 O-O-O 16. Kb1 Kb8 17. Rhf1 Qc5 18. Ne2 Ne5 19. Nfd4 Nc4 20. Qd3 e5 21. Nb3 Bxh3 22. Nxc5 dxc5 23. Qf3 Bxf1 24. Qxf1 Ne3 25. Rxd8+ Rxd8 26. Qf3 Nc4 27. Kc1 f5 28. Qxh5 Ne3 29. Nc3 b4 30. Nd5 Nxd5 31. exd5 Rxd5 32. Qe8+ Bd8 33. Qe6 Bg5+ 0-1

[Event "Montreal op"]
[Site "Montreal CAN"]
[Date "2025.09.03"]
[Round "1.21"]
[White "Huang, Qiuyu"]
[Black "Zhang, Yitian"]
[Result "1-0"]
[WhiteElo "2043"]
[BlackElo "1833"]
[WhiteFideId "-1"]
[WhiteFideId "-1"]
[PlyCount "51"]
[GameId "2219194924514316"]
[EventDate "2025.09.03"]
[EventType "swiss"]
[EventRounds "7"]
[EventCountry "CAN"]

1. e4 c5 2. Nf3 e6 3. d4 cxd4 4. Nxd4 Nc6 5. Nc3 Qc7 6. Be2 a6 7. O-O Nf6 8. Be3 Be7 9. f4 d6 10. Bf3 O-O 11. Qe1 Bd7 12. Qg3 Rfd8 13. Rad1 Nxd4 14. Bxd4 Bc6 15. Kh1 b5 16. e5 dxe5 17. fxe5 Nd5 18. Ne4 Bb7 19. Nd6 f5 20. Rc1 Bxd6 21. exd6 Qd7 22. Rfe1 Re8 23. Bh5 Rf8 24. Rxe6 f4 25. Qg5 Rac8 26. Re7 1-0

[Event "Montreal op"]
[Site "Montreal CAN"]
[Date "2025.09.03"]
[Round "1.22"]
[White "Gelet, Seymour"]
[Black "Chua, Zachary"]
[Result "1-0"]
[WhiteElo "2031"]
[BlackElo "1744"]
[WhiteFideId "-1"]
[WhiteFideId "-1"]
[PlyCount "141"]
[GameId "2219195869420564"]
[EventDate "2025.09.03"]
[EventType "swiss"]
[EventRounds "7"]
[EventCountry "CAN"]

1. g3 Nf6 2. Bg2 d5 3. Nf3 e6 4. d4 Be7 5. c4 O-O 6. Qc2 b6 7. cxd5 exd5 8. O-O Bb7 9. Bf4 c5 10. dxc5 bxc5 11. Nbd2 Nbd7 12. Nb3 a5 13. a4 Qb6 14. Rfd1 d4 15. Nbd2 Nd5 16. Nc4 Qa6 17. Bd2 N7f6 18. Nxa5 Nb4 19. Bxb4 Be4 20. Qc4 cxb4 21. Qxa6 Rxa6 22. Nc4 Bc2 23. Rdc1 d3 24. Nd4 b3 25. exd3 Bxd3 26. Ne5 Be4 27. Nxb3 Bxg2 28. Kxg2 Rb6 29. Nc6 Bd6 30. Ncd4 Be5 31. a5 Rxb3 32. Nxb3 Bxb2 33. a6 Bxc1 34. a7 Ra8 35. Rxc1 Ne8 36. Ra1 Kf8 37. Nd4 Ke7 38. Rb1 Kd6 39. Rb8 Rxa7 40. Nb5+ Ke7 41. Nxa7 g5 42. Nc6+ Kd7 43. Ne5+ Ke6 44. Nxf7 Kf6 45. Nh6 Kg6 46. Ng4 h5 47. Ne5+ Kf5 48. Nf3 Nd6 49. Rb6 Nc4 50. Rc6 Nb2 51. Ne1 h4 52. Rc2 Na4 53. Rc4 Nb6 54. Rc5+ Ke4 55. Rxg5 Nd5 56. Rxd5 Kxd5 57. g4 Ke4 58. g5 Kf5 59. f4 Kg6 60. Kf3 Kf5 61. Ng2 Kg6 62. Nxh4+ Kh5 63. g6 Kh6 64. Kg4 Kg7 65. Kg5 Kg8 66. Kf6 Kh8 67. g7+ Kg8 68. h3 Kh7 69. Kf7 Kh6 70. g8=Q Kh5 71. Qg5# 1-0

[Event "Montreal op"]
[Site "Montreal CAN"]
[Date "2025.09.03"]
[Round "1.23"]
[White "Wu, Ting En Ryan"]
[Black "Genzling, Jerome"]
[Result "0-1"]
[WhiteElo "1743"]
[BlackElo "2019"]
[WhiteFideId "-1"]
[WhiteFideId "-1"]
[PlyCount "200"]
[GameId "2219203117468703"]
[EventDate "2025.09.03"]
[EventType "swiss"]
[EventRounds "7"]
[EventCountry "CAN"]

1. e4 c5 2. Nf3 Nc6 3. d4 cxd4 4. Nxd4 g6 5. Nc3 Bg7 6. Be3 Nf6 7. Bc4 Qa5 8. O-O O-O 9. Bb3 d6 10. h3 Bd7 11. Re1 Rfc8 12. Nd5 Qd8 13. f3 Ne5 14. Qe2 Bc6 15. c3 Bxd5 16. exd5 Qa5 17. f4 Ned7 18. Bf2 Re8 19. Qb5 Qc7 20. Qe2 a6 21. Rad1 Rac8 22. Qf3 Qa5 23. a3 Nb6 24. Ba2 Nc4 25. Bxc4 Rxc4 26. Nc2 Qb5 27. Ne3 Rc7 28. Rd2 Nd7 29. Qd1 Nc5 30. Qc2 a5 31. Nf1 Nb3 32. Rdd1 a4 33. Re4 Nc5 34. Rb4 Qa5 35. Bd4 b5 36. Bxg7 Kxg7 37. Qe2 Rb8 38. Ng3 Rcb7 39. Kh2 Qd8 40. f5 Nd7 41. Re4 Ne5 42. Rf1 f6 43. Qe3 Qb6 44. fxg6 hxg6 45. Qxb6 Rxb6 46. Ne2 Rc8 47. Nd4 f5 48. Re2 Rb7 49. Rfe1 Kf6 50. Rf1 Kg7 51. Rfe1 Kf7 52. Rf1 Ke8 53. Ne6 Rc4 54. g4 Kd7 55. gxf5 gxf5 56. Rxf5 Rb8 57. Rf8 Rcc8 58. Rxc8 Rxc8 59. Rf2 Nc4 60. h4 Ne3 61. Rf8 Rxf8 62. Nxf8+ Ke8 63. Ne6 Nxd5 64. Nd4 Ne3 65. Nxb5 Nc4 66. Nc7+ Kf7 67. Kg3 Nxb2 68. Kf3 Nc4 69. Nb5 d5 70. Ke2 e5 71. Nc7 Nb6 72. Kd3 Kg6 73. Nb5 Kh5 74. Nd6 Kxh4 75. Nf5+ Kg5 76. Nd6 Kf4 77. Ke2 e4 78. Nb5 Nc4 79. Nc7 Ke5 80. Nb5 Ke6 81. Kd1 Kd7 82. Ke2 Kc6 83. Nd4+ Kc5 84. Nc2 Nd6 85. Ke3 Nb5 86. Kd2 Nd6 87. Ke3 Kc4 88. Kd2 Nf5 89. Nb4 e3+ 90. Kc2 d4 91. cxd4 Nxd4+ 92. Kd1 Kb3 93. Nd5 e2+ 94. Kd2 Kxa3 95. Nf4 Kb3 96. Nd3 a3 97. Nc1+ Kb2 98. Nd3+ Kb1 99. Ke3 e1=Q+ 100. Nxe1 Nc2+ 0-1

[Event "Montreal op"]
[Site "Montreal CAN"]
[Date "2025.09.03"]
[Round "1.24"]
[White "Charaf, Bassel"]
[Black "Jutras, Arnaud"]
[Result "1/2-1/2"]
[WhiteElo "2003"]
[BlackElo "1720"]
[WhiteFideId "-1"]
[WhiteFideId "-1"]
[PlyCount "53"]
[GameId "2219208969587754"]
[EventDate "2025.09.03"]
[EventType "swiss"]
[EventRounds "7"]
[EventCountry "CAN"]

1. d4 d5 2. Nf3 Nf6 3. g3 Bf5 4. c4 c6 5. Qb3 Qc8 6. Nc3 e6 7. Nh4 Bg4 8. h3 Bh5 9. g4 Bg6 10. Bg2 Be4 11. f3 Bg6 12. e4 Qc7 13. e5 Nfd7 14. Nxg6 hxg6 15. Bf4 Na6 16. Rc1 Qb6 17. Qxb6 Nxb6 18. cxd5 Nb4 19. Bf1 N4xd5 20. Bd2 Be7 21. Ne4 O-O-O 22. Ng5 Rhf8 23. h4 Nc7 24. Be3 Nbd5 25. Bd2 Nb6 26. Be3 Nbd5 27. Bd2 1/2-1/2

[Event "Montreal op"]
[Site "Montreal CAN"]
[Date "2025.09.03"]
[Round "1.25"]
[White "Coupal, Kevin"]
[Black "Darvekar, Yash"]
[Result "0-1"]
[WhiteElo "1400"]
[BlackElo "1989"]
[WhiteFideId "-1"]
[WhiteFideId "-1"]
[PlyCount "46"]
[GameId "2219218746797106"]
[EventDate "2025.09.03"]
[EventType "swiss"]
[EventRounds "7"]
[EventCountry "CAN"]

1. d4 d5 2. Nf3 Nf6 3. g3 Bf5 4. Bg2 h6 5. Nh4 Bh7 6. O-O e6 7. Nf3 Be7 8. c4 c6 9. Nbd2 O-O 10. Ne5 Nbd7 11. f4 Ne8 12. e4 dxe4 13. Nxe4 Nd6 14. Re1 Nxe5 15. Nxd6 Nd3 16. Be4 Nxe1 17. Bxh7+ Kxh7 18. Ne4 Qxd4+ 19. Qxd4 Nf3+ 20. Kg2 Nxd4 21. Bd2 Rfd8 22. Bc3 f5 23. Nd2 Ne2 0-1